| 000 | 07311nam a22006617a 4500 | ||
|---|---|---|---|
| 005 | 20110210120817.0 | ||
| 010 | _aB-444376-414 | ||
| 020 |
_a9788179040362 _c40.00 |
||
| 035 | _aB-444376-414 | ||
| 037 | _bBlueberry/Ven | ||
| 245 | _aPrincess and the Pea | ||
| 260 |
_aChennai _bApple Publishing International _c(201?) |
||
| 270 |
_a130, Nelson Manickam Road, Aminjikarai, _bChennai _e29 |
||
| 300 |
_aunpaged _bcol. ill. _c26cm(pbk) |
||
| 490 |
_aTales for all time _937006 |
||
| 500 | _aAnimal moral stories | ||
| 942 |
_2ddc _cCH _mPRI _hS |
||
| 999 |
_c50435 _d50435 |
||